01741 a2200253 45000010006000000050017000060080041000230030015000640400040000790800043001192450105001620200022002672640043002893000019003325050635003510410008009869420007009945900036010011000026010378560099010639990015011629520108011779520202012854940920260407155757.0260407a2017 arg spa dAR-UNSa-BCEJYS aAR-UNSa-BCEJYSbspacAR-UNSa-BCEJYS a657.42xCuentas de capital circulante 10aActivos y pasivos intangiblespvisibles e invisibles...pero reales en la contabilidad y los negocios a978-987-716-075-8 1aBuenos Aires :bOsmar D. Buyattic2017 a138 p.c22 cm. aParte I: INMATERIALES O INTNGIBLES. VISIBLES E INVISIBLES EN LA CONTABILIDAD: 1. Normas Contables Profesionales. Introducción - 2. Normas Contables Internacionales - 3. Normas Contables Argentinas - 4. Inmovilizado intangible. Casos prácticos - 5. Llave de negocio - - Parte II: INTANGIBLES O INMATERIALES. VISIBLES E INVISIBLES EN LOS NEGOCIOS: 1. Introducción - 2. El capital intelectual o intangible. Fundamentos teóricos del capital intelectual - 3. Los activos intangibles desde la perspectiva estratégica - 4. Los modelos de capital intelectual o intangible - 5. Los pasivos intangibles. La gestión empresaria.  aspa cBK aniveau_biblio:m niveau_hierar:01 aLang, Víctor Manuel41uhttps://www.biblioeco.unsa.edu.ar/pmb/images/libros/L128075.jpgyImagen de portadaqimage/jpeg c4827d4827 00104070aBCEJYSbBCEJYSc16d2026-04-07l0o657.42 L269pL128075r2026-04-07 15:57:57w2026-04-07yL 00104070aBCEJYSbBCEJYSc16d2026-04-07l0o657.42 L269pL129112r2026-04-07 15:57:57w2026-04-07yLzRESALTADO PÁG. 40, 45, 50, 72, 123, 131, 133 Y 134 - PÁG. 103 MANCHADA - CANTO MANCHADO